F1 Drivers that have scored 1 career point - Statistics

General Stats
  • This quiz has been taken 9 times
  • The average score is 6 of 27
Answer Stats
Hint Answer % Correct
2023-24 Logan Sargeant
75%
2018 Sergey Sirotkin
50%
1995, 1997-98 Jan Magnussen
38%
2003 Justin Wilson
38%
1991-94, 1999 Alessandro Zanardi
25%
1968-72, 1974 Derek Bell
25%
1987-92,1995 Gabriele Tarquini
25%
1993-96 Pedro Lamy
25%
2003 Ralph Firman
25%
2003-04 Zsolt Baumgartner
25%
1954-55, 1960 Bill Homeier
13%
1981-83 Chico Serra
13%
1952-60 Eddie Johnson
13%
1956-61 Giorgio Scarlatti
13%
1966-67 Guy Ligier
13%
1983-83 Johnny Cecotto
13%
1964, 1966 John Taylor
13%
1950 Joie Chitwood
13%
1988, 1991 Julian Bailey
13%
1988-89 Luiz Perez-Sala
13%
1962, 1965 Neville Lederle
13%
1989-92 Olivier Grouillard
13%
1975-77 Renzo Zorzi
13%
1981-82 Slim Borgudd
13%
1975 Tony Brise
13%
1950-51,1953-55 Walt Faulkner
13%
1950-51 Eugene Chablis
0%
No matching quizzes found
Score Distribution
Percent of People with Each Score
Percentile by Number Answered
Your Score History
You have not taken this quiz